[Event "Solin 9th"]
[Site "Solin/Split"]
[Date "2001.12.15"]
[Round "8"]
[White "Ftacnik, Lubomir"]
[Black "Zelcic, Robert"]
[Result "0-1"]
[WhiteElo "2566"]
[BlackElo "2547"]
[Annotator "Ribli,Z"]
[PlyCount "72"]
[EventDate "2001.12.08"]
[EventType "tourn"]
[EventRounds "9"]
[EventCountry "CRO"]
[EventCategory "12"]
[SourceTitle "CBM 087"]
[Source "ChessBase"]
[SourceDate "2002.03.21"]
[SourceVersion "1"]
[SourceVersionDate "2002.03.21"]
[SourceQuality "1"]

1. Nf3 Nf6 2. c4 e6 3. Nc3 Bb4 4. Qc2 (4. Qb3) (4. g3) (4. d4) 4... O-O 5. a3
Bxc3 6. Qxc3 b6 7. b4 Bb7 8. Bb2 {[%csl Gb2][%cal Gb2h8] Weiß hat das
Läuferpaar, insbesondere sein Bb2 ist stark. Schwarz kann seine Bauern jedoch
auf d6-e5 platzieren, um die Aktivität des Bb2 ein wenig einzuschränken.} d6 9.
e3 Nbd7 (9... e5 10. Be2 Ne4 11. Qc2 Ng5 12. h4 Nxf3+ 13. Bxf3 Bxf3 14. gxf3 a5
15. Ke2 axb4 16. axb4 Rxa1 17. Bxa1 Re8 18. h5 {1/2-1/2 Mohr,G-Zelcic,R/
Ljubljana 1999/EXT 2000 (50)}) 10. Be2 c5 (10... Qe7) 11. O-O e5 {Schwarz
schränkt den Wirkungsradius des Bb2 ein.} (11... Qe7 12. d4 $5 (12. d3 Rac8 (
12... e5 13. Rab1 Rac8 14. Ba1 Rfe8 15. Nd2 Nf8 16. Rfe1 Ng6 17. Nf1 d5 {
1/2-1/2 Bischoff,K-Gormally,D/Hastings ENG 2001/(42)}) 13. Rfd1 (13. b5 a5 14.
e4 d5 15. exd5 exd5 16. cxd5 Bxd5 17. Rfe1 Rfe8 18. Nd2 {Ftacnik,L-Rozentalis,
E/Moscow olm 1994/CBM 45/[Ftacnik]/0-1 (56)}) 13... Rfd8 14. a4 Nf8 15. a5 Ng6
16. b5 {1-0 Sturua,Z-Allahverdiev,A/Elista 1998/CBM 66 ext (45)}) 12... Rfd8 (
12... Ne4 13. Qc2 f5 14. Bd3 Ndf6 15. Nd2 cxd4 16. exd4 Rae8 17. f3 Nxd2 18.
Qxd2 Nh5 19. Rfe1 Qh4 20. Bf1 Rf6 {0-1 Stefansson,H-Zarnicki,P/WchJM U20 1992 
(35)}) 13. Rfd1 Rac8 14. Qb3 Be4 15. Nd2 Ba8 16. dxc5 dxc5 17. b5 {1/2-1/2
Gurevich,M-Rozentalis,E/Belfort 1997/CBM 62/[Ribli] (46)}) 12. d4 {Es ist
logisch, dass Weiß die Stellung für sein Läuferpaar öffnen möchte.} (12. d3)
12... Ne4 13. Qc2 Ng5 14. Nxg5 (14. Nd2 exd4 15. exd4 Nh3+ $2 {In vielen
Varianten muss Weiß mit diesem taktischen Motiv rechnen, hier ist dieses
Sprigerschach jedoch weniger gut.} (15... Re8 16. Rfe1 $14) 16. gxh3 (16. Kh1
Qh4 (16... Bxg2+ 17. Kxg2 Nf4+ 18. Kf3 $18) 17. Bf3 Bxf3 18. Nxf3 Qg4) 16...
Qg5+ 17. Bg4 f5 18. f4 Qg6 19. Rae1 fxg4 20. Qxg6 hxg6 21. hxg4 $16) 14... Qxg5
15. d5 $14 {Weiß hat das Läuferpaar und Raumvorteil - er hat die etwas
besseren Chancen.} cxb4 16. axb4 b5 $5 $132 {[%mdl 64] Das ist die Pointe des
schwarzen Spiels - ohne diesen Zug hätte Weiß einfach eine bequeme Stellung.}
17. f4 (17. e4 $14) 17... Qe7 (17... exf4 18. exf4 Qe7 19. Bd3 $14) 18. c5 $13
(18. Bd3 $5) 18... dxc5 (18... exf4 $2 19. c6 $18) (18... Bxd5 19. Rad1 $16 {
[%cal Rd1d7]}) 19. Bxb5 exf4 (19... cxb4 20. Qc7 $18) 20. Rae1 (20. exf4 cxb4
21. Qc7 Qe3+ 22. Kh1 Nc5 $15) 20... cxb4 21. Qc7 Bxd5 {[%mdl 1024] Schwarz hat
drei Bauern mehr, verliert aber den Nd7.} 22. Bxd7 $2 (22. Qxd7 Qxd7 23. Bxd7
fxe3 24. Rxe3 a5 25. Ba4 $13) (22. exf4 Qc5+ 23. Qxc5 Nxc5 24. Re5 Rab8 (24...
Rfd8 25. Rd1 Bb7 26. Rxd8+ Rxd8 27. Rxc5 Rd2 28. Bf1 Rxb2 29. Rc7 a5 30. Rxb7
$16) 25. Rxd5 Rxb5 26. Rc1 Rc8 27. Bd4 b3 28. Rcxc5 Rbxc5 29. Bxc5 b2 30. Rd1
f5 31. Ba3 Rc2 32. Rb1 Rc3 33. Bxb2 Rb3 {[%cal Gb3b1]} 34. Kf1 a5 $11) 22...
Rad8 {[%csl Rd7][%cal Ge7c7]} 23. Qxa7 Rxd7 24. Qd4 f5 25. exf4 Be4 $17 {
[%csl Ge4] Schwarz hat einen Bauern mehr. Die ungleichfarbigen Läufer lassen
dem Verteidiger zwar prinzipiell einige Remischancen, aber in unserer Partie
sind noch viele schwere Figuren auf dem Brett, und das bedeutet immer Chancen
für den Angreifer.} 26. Qc4+ Kh8 27. Rf2 (27. Rd1 Rc7 28. Qd4 Rfc8 $17) 27...
Qd6 {[%cal Gd7d1]} 28. Rc1 Rfd8 {Schwarz kontrolliert die d-Linie vollkommen.}
29. h4 $6 (29. h3) 29... h6 30. Ra1 (30. Be5 Qe7 $17) 30... Kh7 31. Qa6 Qc5 {
[%cal Gc5g1] Dieser Zug ist nicht schlecht, aber nach Damentausch wäre es
einfacher.} (31... Qxa6 $1 32. Rxa6 Rd1+ 33. Kh2 (33. Rf1 Rxf1+ 34. Kxf1 Bd3+
$19 {[%cal Rd3a6,Rd3f1]}) 33... R1d2 34. Ra7 (34. Rxd2 Rxd2 $19 {[%cal Rd2b2,
Rd2h2]}) 34... Rxf2 35. Rxg7+ Kh8 36. Bf6 Rd6 37. Be5 Rd5 38. Bf6 h5 $19) 32.
h5 {[%cal Ga6g6]} Bc6 {[%csl Rg1][%cal Gc5g1]} 33. Raf1 Rd2 $19 {Nun hängt der
Bb2 und es droht 34...Rxf2 nebst 35...Rf1+ mit Gewinn.} 34. Be5 Rxf2 35. Rxf2
Rd1+ 36. Kh2 Qxf2 0-1

[Event "Moscow Alekhine op"]
[Site "Moscow"]
[Date "1992.??.??"]
[Round "?"]
[White "Kramnik, Vladimir"]
[Black "Aseev, Konstantin N"]
[Result "0-1"]
[WhiteElo "2625"]
[BlackElo "2550"]
[Annotator "Ribli,Z"]
[PlyCount "80"]
[EventDate "1992.10.??"]
[EventType "swiss"]
[EventRounds "9"]
[EventCountry "RUS"]
[SourceTitle "CBM 033"]
[Source "ChessBase"]
[SourceDate "1993.04.01"]
[SourceVersion "1"]
[SourceVersionDate "1993.04.01"]
[SourceQuality "1"]

1. Nf3 Nf6 2. c4 e6 3. Nc3 Bb4 4. Qc2 O-O 5. a3 Bxc3 6. Qxc3 c5 7. e3 (7. b4 b6
8. g3 $5 Bb7 9. Bg2 d6 10. O-O Nbd7 11. Bb2 Rc8 12. d3 $14 {Georgiev,Ki-Lobron,
E Tilburg1 1992 CBM/32}) (7. g3 b6 8. Bg2 Bb7 9. O-O Qe7 10. b4 cxb4 11. axb4
Rc8 12. Bb2 d5 13. d3 dxc4 14. dxc4 Nc6 15. c5 Nb8 16. Rfc1 bxc5 17. bxc5 Nbd7
18. Ra5 Rc7 19. Ne5 Bxg2 20. Kxg2 Rac8 21. Nd3 $14 {Djurhuus,R-Pedersen,S
Gausdal Troll 1992 EXP/28}) 7... b6 8. b4 Qe7 9. Be2 d6 (9... Bb7 10. Bb2 Na6
11. b5 Nc7 12. a4 a6 13. O-O d6 14. d4 Ne4 15. Qc2 axb5 16. axb5 f5 17. Nd2 Qg5
18. f4 Qg6 19. Bf3 $14 {Eingorn,V-Stefansson,H Reykjavik 1989 CBM/13}) 10. d4 (
10. O-O e5 11. Bb2 Bg4 12. bxc5 $6 bxc5 13. d3 Nc6 14. h3 Bf5 $10 {Hjartarson,
J-Aseev,K Bad Wörishofen 1991 51/17}) 10... cxd4 11. exd4 Nbd7 12. O-O Bb7 13.
Re1 $14 Rfc8 14. Qb3 Nf8 15. Bf1 Qd8 16. Bb2 Ng6 17. Rad1 Nd7 18. g3 Rc7 19. d5
e5 20. h4 $6 h6 21. Nd2 Nf6 22. Bg2 Rb8 23. Ne4 Nxe4 24. Bxe4 Bc8 $1 25. Qd3
Nf8 26. Rd2 (26. Rc1 Bg4 27. f3 Bh5 28. f4 exf4 29. Qd4 f5 (29... f6 30. gxf4
Ng6 31. Qf2 $14) 30. Bxf5 fxg3 31. Re3 $14) 26... Bg4 27. f3 Bh5 28. f4 exf4
29. Qd4 f6 30. gxf4 Ng6 $1 (30... Bg6 $5 31. Rg2 (31. f5 Bh5 {/\ Nf8-d7 ><e5})
31... Bxe4 32. Rxe4 Kh8 $13) 31. Bxg6 $2 (31. Rg2 $1 Nxh4 (31... Nxf4 32. Rg3
Ne2+ $2 33. Rxe2 Bxe2 34. Qe3 $36) 32. Rg3 $44) 31... Bxg6 32. Rg2 Kh7 33. f5
$6 (33. Kh2 Bf5 34. Reg1 Qf8 $13) 33... Bxf5 34. Qf4 Qd7 35. Rge2 Bd3 36. Re6 (
36. Re7 Qxe7 37. Rxe7 Rxe7 38. Qxd6 Re1+ 39. Kg2 Rbe8 $19) 36... Rxc4 37. Qf3
$2 (37. Qg3 $142) 37... Bc2 38. Bxf6 Rf8 39. Qe2 (39. Re7 Qg4+ 40. Qxg4 Rxg4+
$19) 39... b5 40. Be7 Rff4 0-1

[Event "Reggio Emilia 9596 38th"]
[Site "Reggio Emilia"]
[Date "1996.01.05"]
[Round "8"]
[White "Vaganian, Rafael A"]
[Black "Dautov, Rustem"]
[Result "1-0"]
[WhiteElo "2645"]
[BlackElo "2620"]
[Annotator "Ribli,Z"]
[PlyCount "137"]
[EventDate "1995.12.28"]
[EventType "tourn"]
[EventRounds "9"]
[EventCountry "ITA"]
[EventCategory "14"]
[SourceTitle "CBM 051"]
[Source "ChessBase"]
[SourceDate "1996.04.01"]
[SourceVersion "1"]
[SourceVersionDate "1996.04.01"]
[SourceQuality "1"]

1. Nf3 {Hecht} Nf6 2. c4 e6 3. Nc3 Bb4 4. Qc2 c5 5. a3 Ba5 6. g3 Nc6 7. Bg2 O-O
8. O-O d6 9. d3 h6 (9... a6 10. Rd1 (10. Rb1 $5) 10... e5 11. Bg5 Bxc3 12. Qxc3
(12. bxc3 $5) 12... a5 13. e3 h6 14. Bxf6 Qxf6 15. Nd2 Qe7 16. Rf1 Be6 17. f4
Qd7 18. Rf2 exf4 19. gxf4 f5 $13 {Milos,G-Sunye Neto,J/Sao Paulo zt/1995/EXP47/
}) 10. e3 (10. Rb1 e5 11. e3 Be6 12. Na2 Qd7 13. b4 Bd8 14. Nc3 Rc8 15. bxc5
dxc5 16. e4 Bg4 $1 $13 {Kamsky,G-Karpov,An/Reggio Top 16/1991/CBM22/INF51,16/})
10... e5 11. Nd5 $1 $146 {Eine starke Verbesserung.} (11. h3 Be6 12. Kh2 Rc8
13. b3 d5 14. Na4 b6 15. Rd1 d4 16. Rb1 a6 17. exd4 exd4 18. Bf4 Re8 19. Rb2
Nd7 20. Bd6 Nf6 21. b4 $36 {Karpov,An-Adams,M/Groningen/1995/CBM51/}) 11... Be6
12. Nd2 Rc8 13. b3 Nh7 14. f4 Qd7 (14... Ne7 15. Nxe7+ Qxe7 16. f5 $16) 15. Bb2
{Weiss hat die Eroeffnung zufriedenstellund geloest, seine Figuren stehen
optimal.} f6 (15... Bh3 $2 16. Bxh3 Qxh3 17. f5 (17. Ne4 Qd7 18. f5 $16) 17...
Ng5 18. Ne4 Nxe4 19. dxe4 $16) 16. Ne4 {Droht /\ 17.f5 Bxf5 18.Rxf5 Qxf5 19.
Nxd6 +/-} f5 17. Nec3 Nf6 18. Rab1 Bd8 19. b4 b6 20. Ba1 exf4 21. gxf4 Ne7 22.
bxc5 dxc5 (22... bxc5 $2 23. Rb7 Qe8 (23... Qxb7 24. Nxf6+ $18) 24. Nxf6+ Rxf6
25. Nb5 $18) 23. e4 $1 $14 {Weiss steht mit dem Bauernpulk -f4,e4,d3,c4- im
Zentrum und der guten Entwicklung -Nd5,Nc3,Bg2,Ba1- schon leicht besser.} Kh8
24. Nxe7 Bxe7 25. Nd5 Rf7 26. a4 {Dieser Zug hat zwei Ziele: 1.Einfach
verhindert das schwarze Gegenspiel -b5- am Damenfluegel. 2.Droht /\ a5 die
b-Linie oeffnen.} Rcf8 27. Rbe1 Bd8 28. Qd1 Ng8 $5 29. Be5 Bf6 30. Qa1 Bxe5 31.
Qxe5 Ne7 {/\ Nc6><d4 oder Ng6,fxe4><f4><g2} 32. Nxe7 Rxe7 33. exf5 Rxf5 34. Qe4
Rff7 35. a5 Bf5 (35... bxa5 $5) 36. Qa8+ Kh7 37. Bd5 Rxe1 $6 {Schwarz
verteidigte sich bisher sehr gut, aber jetzt mit einiger Ungenauigkeit kommt
in schwierige Lage.} (37... Bxd3 $5 38. Bxf7 Qg4+ 39. Kh1 Rxf7 $44) 38. Rxe1
Bxd3 (38... Re7 $5) 39. Bxf7 Qxf7 40. Qd5 $1 Bxc4 41. Qxf7 Bxf7 {Hecht: T-L:
Abwicklung in 2-2 B am K-Flügel, theoretischer Gewinn, klare Technik} 42. Re7
$1 Bc4 $8 (42... Bg8 $4 43. a6 $18) 43. Rxa7 bxa5 44. Rxa5 Kg6 45. Rxc5 {
Vaganian zeigt jetzt, wie gut seine Technik ist} Bd3 46. Kf2 Kf6 47. Ke3 Bb1
48. Rc1 Bh7 49. Rc6+ Kf5 50. Kf3 Bg6 51. Rc5+ Kf6 52. Kg4 $1 Be4 53. Rb5 Bd3
54. Rb6+ Kf7 {Weiss hat sein erstes Ziel erreicht : Schwarzer Koenig geraet
nun in eine passive Stellung.} 55. Kf3 Bf5 56. Ke3 Bc2 57. Kd4 Bf5 58. Ke5 $1
Bd3 59. Rb7+ Kf8 60. Rb3 Bc4 61. Rb4 Bf1 62. Rd4 Bh3 63. f5 Kf7 64. Rd3 Bg4 65.
h3 $1 Be2 66. Rd7+ Kg8 67. f6 $1 gxf6+ 68. Kxf6 Bh5 69. Rd5 (69. Rd5 Bf3 (69...
Be8 70. Rd8 Kf8 71. Ra8 $18) 70. Rd8+ Kh7 71. Rd7+ Kg8 72. Kg6 $18) 1-0

[Event "Olympiad-33"]
[Site "Elista"]
[Date "1998.10.04"]
[Round "6.1"]
[White "Krasenkow, Michal"]
[Black "Bogdanovski, Vlatko"]
[Result "0-1"]
[WhiteElo "2655"]
[BlackElo "2515"]
[Annotator "Ribli,Z"]
[PlyCount "56"]
[EventDate "1998.09.29"]
[EventType "team-swiss"]
[EventRounds "13"]
[EventCountry "RUS"]
[SourceTitle "CBM 068"]
[Source "ChessBase"]
[SourceDate "1999.02.01"]
[SourceVersion "1"]
[SourceVersionDate "1999.02.01"]
[SourceQuality "1"]
[WhiteTeam "Poland"]
[BlackTeam "Macedonia"]
[WhiteTeamCountry "POL"]
[BlackTeamCountry "MKD"]

1. Nf3 Nf6 2. c4 e6 3. Nc3 Bb4 4. g4 {Eine sehr außergewöhnliche Fortsetzung.
Weiß leitet einen sofortigen Angriff am Königsflügel ein. Meines Erachtens ist
diese scharfe Fortsetzung ein wenig unbegründet, aber in der Praxis erzielt
Weiß mit ihr relativ gute Ergebnisse. Ribli.} d6 (4... O-O $5 5. g5 Ne8 $13 {
Und Schwarz kann 6...d5 folgen lassen.}) 5. g5 (5. Qa4+ $6 Nc6 6. Nd4 Bd7 7.
Nxc6 $4 Bxc6 $17 {[%cal Rc6h1,Rc6a4]}) 5... Nfd7 6. Qc2 $5 $146 {[#]} (6. Ne4
d5 7. Ng3 O-O 8. cxd5 exd5 9. a3 Bd6 10. d4 Re8 11. Bg2 c6 12. O-O Nf8 13. Nh4
Ng6 14. Nxg6 hxg6 15. f4 Nd7 16. Qc2 Nb6 17. b3 Bg4 18. e3 Qd7 19. Qf2 Nc8 20.
Bb2 Bh3 {0-1 Sherbakov,R-Ionov,S/Maikop 1998/CBM 66 (38)}) 6... Nc6 7. a3 Bxc3
8. Qxc3 {Weiß besitzt das Läuferpaar und nach folgendem 9.b4 und 10.Bb2
bekommt er starken Druck in der a1-h8-Diagonalen. Anderseits kann Schwarz mit .
..e6-e5 nebst eventuellem ...f7-f6 eine massive Bauernkette errichten.} e5 9.
b4 Qe7 10. Bb2 (10. d4 a5 11. b5 Nd8 12. Bb2 f6) 10... Nb6 $5 {[%cal Gb6a4,
Ga4b2,Ga4c3] Auf diese Weise aktivisiert Schwarz seine Figuren am Damenflügel.}
11. b5 Nd8 {[%cal Gd8e6]} (11... Na4 $2 {Für diesen Zwischenzug bleibt Schwarz
keine Zeit.} 12. Qc2 Nxb2 13. bxc6 $18 {[%csl Rb2]}) 12. a4 {[%cal Ra4a5,Ra5a6]
Weiß entfaltet aktives Spiel am Damenflügel.} Bg4 13. Bg2 Rc8 $6 {[%cal Gc8c3]}
(13... a5 $5 14. Rg1 Be6 15. d3 h6 $13) 14. d4 $5 $14 (14. a5) 14... f6 {
Schwarz muß die Stellung geschlossen halten.} (14... exd4 15. Qxd4 {[%csl Gd4]
[%cal Rd4g4,Rd4g7]} Bxf3 16. Bxf3 Ne6 17. Qc3 $14 {[%csl Gb2,Rb7,Gf3][%cal
Rf3b7]}) 15. gxf6 gxf6 16. Rg1 {[%cal Gg1g8]} Rg8 (16... c6) (16... Ne6 $2 17.
dxe5 fxe5 18. Nxe5 dxe5 19. Bxb7 $18) 17. Bh3 {[%cal Gg1g8]} h5 18. dxe5 (18.
a5) 18... dxe5 $6 {Die Alternative ...fxe5 wäre stärker.} (18... fxe5) 19. Nd2
{[%csl Gg1,Rg4,Rg8] Die weiße Drohung 20.f3 wäre tödlich für Schwarz.} Qe6 20.
a5 Nd7 (20... Na8 21. Ne4 $16) 21. O-O-O {[%cal Gd1d8] Die weiße Stellung ist
sehr aktiv, während Schwarz schwere Probleme mit der Koordination seiner
Figuren hat.} Rh8 (21... Bxh3 22. Rxg8+ Qxg8 23. Qxh3 $14 {[%csl Re8,Gh3,Rh5]})
22. Bxg4 (22. Bf1 $5 {[%csl Rg4][%cal Rf2f3]}) 22... hxg4 23. Ne4 {[%csl Ge4]
[%cal Rd1d7] Die weiße Drohung ist 24.Rxd7 und nach 24...Kxd7 25.Nc5+, während
nach 24...Qxd7 25.Nf6+ gewinnt.} b6 {Schwarz verhindert den Zug Nc5.} 24. f3
Nf7 $6 {Schwarz opfert einen Bauern und glaubt, daß 25.Rxg4 wegen des
Gabelmotivs ...f6-f5 nicht geht.} (24... gxf3 25. exf3 $14 {[%csl Gd1,Re8,Gg1]
und Weiß hat gute Angriffschancen gegen den schwarzen König in der Mitte.} (25.
Rg7 Nf7)) 25. Rxg4 $5 {[%mdl 64]} (25. fxg4 $2 Nd6 $40 {[%csl Gd6][%cal Gc8c1]}
26. Nxd6+ $6 cxd6 $17) 25... f5 {[%cal Rf5g4,Rf5e4]} (25... c6 $5 {[%cal Gc8c1]
}) 26. Ng5 Qh6 {[%cal Rh6c1] [#]} (26... Nxg5 27. Rxg5) 27. Rgg1 $2 {Ein
unglaublicher Fehler von Krasenkow!} (27. Qd2 {[%csl Re8][%cal Rd1d7]} Nd6 (
27... fxg4 $4 28. Qxd7+ Kf8 29. Qxf7#) (27... Nxg5 28. Qxd7+ $18) 28. Rg2 $14)
(27. Qd3 $5) 27... Nxg5 $19 28. Rxd7 Ne4+ {[%cal Re4c3,Rh6c1] und Weiß mußte
wegen des erheblichen Materialverlustes die Segel streichen.} (28... Kxd7 29.
Qd2+ Ke8 30. Rxg5 $17) 0-1

[Event "NED-ch53"]
[Site "Rotterdam"]
[Date "1998.06.30"]
[Round "8"]
[White "Piket, Jeroen"]
[Black "Nikolic, Predrag"]
[Result "1-0"]
[WhiteElo "2575"]
[BlackElo "2635"]
[Annotator "Ribli,Z"]
[PlyCount "53"]
[EventDate "1998.06.21"]
[EventType "tourn"]
[EventRounds "11"]
[EventCountry "NED"]
[EventCategory "12"]
[SourceTitle "CBM 066"]
[Source "ChessBase"]
[SourceDate "1998.09.30"]
[SourceVersion "1"]
[SourceVersionDate "1998.09.30"]
[SourceQuality "1"]

1. Nf3 Nf6 2. c4 e6 3. Nc3 Bb4 4. Qb3 a5 {Eine relativ selten gespielte
Fortsetzung. Die populäreren Alternativen sind 4...c5 oder 4...Nc6. Ribli.} 5.
g3 b6 6. Bg2 Bb7 7. O-O (7. a3 Bxc3 8. Qxc3 a4 $5 9. O-O O-O 10. d3 d6 11. e4
c5 12. Re1 h6 13. h3 Nc6 14. Rb1 Na5 15. Nd2 Nd7 16. f4 d5 $5 17. b4 axb3 18.
Nxb3 d4 19. Qd2 Nxb3 20. Rxb3 Ra7 21. e5 Qa8 22. Bf1 Qc8 23. Qh2 Qc6 24. g4 f6
25. exf6 {1/2-1/2 Chernin,A-Bogdanovski,V/EU-chTM 1997}) 7... O-O 8. d3 {
Es ist logisch, daß Weiß nicht mit 8.d4 das Feld e4 schwächt.} (8. d4 h6 $5)
8... Na6 (8... d5 9. cxd5 exd5 10. Bg5 Nbd7 11. a3 Be7 12. d4 Re8 13. Rfd1 c6
14. e3 h6 15. Bxf6 Nxf6 16. Rac1 Bd6 17. Na4 Nd7 18. Bh3 Rb8 19. Rd2 Ba8 20.
Qd1 Nf6 21. Rdc2 Ne4 22. Bg2 c5 23. dxc5 bxc5 24. Nd2 $1 Bc6 25. Nxe4 Bxa4 26.
Qxd5 Bxc2 27. Nxd6 Bb3 28. Qxc5 Re7 29. e4 $44 {Vakhidov,T-Morawietz,D/NRW-II
1995/1-0 (70)}) 9. e4 {[%csl Rb7] Nach diesem Zug ist der schwarze Damenläufer
in seiner Beweglichkeit eingeschränkt.} Nc5 10. Qc2 Bxc3 {Dieser Zug ist
praktisch erzwungen. Sonst z.B. nach 11.Ne2 bekommt der Läufer auf b4 Probleme.
} 11. Qxc3 $146 (11. bxc3 d6 12. Ng5 h6 13. Nh3 Qe8 $1 14. f4 Nh7 15. f5 exf5
16. Rxf5 Qa4 17. Qe2 Rae8 18. g4 Nb3 19. Qc2 Nc5 20. Qe2 Nb3 21. Qc2 Nc5 {
1/2-1/2 Gelfand,B-Almasi,Z/Tilburg Fontys 1996}) 11... d5 $6 (11... d6 $5 {
Ich glaube, dieser Plan ist logischer als die Partiefortsetzung. Wenn der
Gegner das Läuferpaar hat, ist es besser, die Stellung geschlossen zu halten.}
12. b3 e5 $13) 12. e5 Nfd7 13. Bg5 f6 $6 {Dieser Zug gefällt mir nicht.
Schwarz schwächt freiwillig seine Stellung.} (13... Qc8 $5) (13... Qe8) 14.
exf6 Nxf6 (14... gxf6 15. Bh6 $36) 15. Rad1 $14 {[%csl Ye5,Re6] Weiß hat durch
das Läuferpaar das bessere Figurenspiel.} h6 16. Be3 Ncd7 $6 (16... Nfd7 $14)
17. c5 $1 {[%csl Rb7] Droht 18.c6 mit Einschließung des Läufers. Die Schwäche
des Feldes e5 und des rückständigen Bauern e6 wird spürbar.} bxc5 18. Bxc5 Re8
19. Rfe1 {[%csl Ye5,Re6]} Kh8 $6 (19... Nxc5 20. Qxc5 Nd7 $14) 20. Rc1 {
[%csl Gc1,Gc3,Gc5,Rc7][%cal Gc1c7]} Ba6 21. Bh3 $1 Qb8 (21... Nxc5 22. Qxc5
Bxd3 23. Ne5 {[%csl Ge5][%cal Re5d3,Re5f7,Rf7h8,Rf7d8]} Nd7 $8 24. Nf7+ Kg8 (
24... Kh7 $2 25. Qd4 $18 {[%cal Rd4d3,Rd3h7,Rf7d8]}) 25. Nxd8 Nxc5 26. Nxe6
Nxe6 27. Bxe6+ Kh7 28. Bxd5 $16) 22. Bxe6 {[%csl Rh8] Weiß hat den
Schlüsselbauern gewonnen, wonach die schwarze Königsstellung spürbar schwach
wird.} Nxc5 23. Qxc5 Qxb2 {[#]} 24. Ne5 $1 $16 {[%csl Ge5]} Rxe6 (24... Qxa2)
25. Nf7+ Kg8 26. Rxe6 Kxf7 27. Rxf6+ $1 $18 (27. Rxf6+ Kxf6 (27... gxf6 28.
Qxd5+ Kg6 29. Qe4+ f5 30. Rc6+ $18) 28. Qc6+ {Weiß muß vorsichtig sein, denn
in einigen Varianten hängt der Turm auf c1.} Kf7 (28... Ke7 29. Re1+ $18) 29.
Qxd5+ Kg6 30. Qe4+ Kf7 31. Rxc7+ $18) 1-0